[Event "ICS rated blitz match"]
[Site "204.178.125.65"]
[Date "1999.10.03"]
[Round "?"]
[White "Hossa"]
[Black "Wildbill"]
[Result "1-0"]
[WhiteElo "2442"]
[BlackElo "2311"]
[PlyCount "69"]
[EventDate "1999.??.??"]

1. e4 c5 2. c3 e5 3. Nf3 Nc6 4. Bb5 Qc7 5. O-O Nf6 6. Re1 Be7 7. d4 cxd4 8.
cxd4 exd4 9. Bg5 a6 10. Bxc6 bxc6 11. e5 Nd5 12. Bxe7 Nxe7 13. Nxd4 Rb8 14. Na3
O-O 15. Nc4 Ng6 16. Nb3 Rb5 17. Qd6 Qxd6 18. exd6 Rb4 19. Rac1 f6 20. Rc2 Kf7
21. Nc5 Rb5 22. Na3 Rb4 23. b3 Rd4 24. Ne4 a5 25. Rc5 Ba6 26. Nc2 Rd5 27. Ne3
Rd4 28. Rxa5 Bd3 29. Nc5 Ne5 30. Rd1 f5 31. f4 Ng6 32. Rxd3 Re4 33. Nxd7 Nxf4
34. Rxf5+ Ke6 35. Nxf8# {Wildbill checkmated} 1-0

[Event "ICS rated blitz match"]
[Site "204.178.125.65"]
[Date "1999.10.02"]
[Round "?"]
[White "Hossa"]
[Black "Wildbill"]
[Result "1-0"]
[WhiteElo "2485"]
[BlackElo "2319"]
[PlyCount "77"]
[EventDate "1999.??.??"]

1. d4 Nf6 2. c4 c5 3. Nf3 cxd4 4. Nxd4 e5 5. Nb5 d5 6. cxd5 Bc5 7. N1c3 a6 8.
Qa4 O-O 9. b4 Bb6 10. e4 Ng4 11. Nd1 Qh4 12. g3 Qf6 13. f4 exf4 14. Bb2 Qg6 15.
Nbc3 fxg3 16. hxg3 f5 17. exf5 Bxf5 18. Bh3 Re8+ 19. Ne2 Nd7 20. Qa3 Bd3 21.
Bxg4 Qxg4 22. Qxd3 Nf8 23. Rh4 Qg5 24. Qf3 Rxe2+ 25. Kxe2 Re8+ 26. Kd3 Qg6+ 27.
Kc3 Rc8+ 28. Rc4 Rxc4+ 29. Kxc4 Qc2+ 30. Qc3 Qe2+ 31. Kb3 Qg4 32. Ne3 Qg6 33.
Nf5 Nd7 34. Ne7+ Kf7 35. Nxg6 Nf6 36. Nh8+ Kg8 37. Qc8+ Bd8 38. Qxd8+ Ne8 39.
Qxe8# {Wildbill checkmated} 1-0

[Event "ICS rated blitz match"]
[Site "204.178.125.65"]
[Date "1999.10.02"]
[Round "?"]
[White "Hossa"]
[Black "Wildbill"]
[Result "1/2-1/2"]
[WhiteElo "2502"]
[BlackElo "2302"]
[PlyCount "79"]
[EventDate "1999.??.??"]

1. d4 Nf6 2. c4 c5 3. Nf3 cxd4 4. Nxd4 e5 5. Nb5 d5 6. cxd5 Bc5 7. N1c3 a6 8.
Qa4 O-O 9. b4 Bb6 10. e4 Ng4 11. Nd1 Qh4 12. g3 Qf6 13. f4 exf4 14. Bb2 Qg6 15.
Nbc3 f3 16. Bb5 f2+ 17. Kf1 Ne5 18. Nxf2 f5 19. Kg2 fxe4 20. Nfxe4 Qh5 21. Rhf1
Bh3+ 22. Kh1 Bxf1 23. Bxf1 Ng4 24. h4 Nf2+ 25. Nxf2 Rxf2 26. Bg2 a5 27. Qb3 Nd7
28. Nd1 Rxg2 29. d6+ Kh8 30. Kxg2 Qe2+ 31. Kh3 Qf1+ 32. Kh2 Bg1+ 33. Kh1 Bf2+
34. Kh2 Bg1+ 35. Kh1 Be3+ 36. Kh2 Qg1+ 37. Kh3 Qf1+ 38. Kh2 Qg1+ 39. Kh3 Qf1+
40. Kh2 {Game drawn by repetition} 1/2-1/2

[Event "ICS rated blitz match"]
[Site "204.178.125.65"]
[Date "1999.10.03"]
[Round "?"]
[White "Hossa"]
[Black "Wildbill"]
[Result "1-0"]
[WhiteElo "2419"]
[BlackElo "2334"]
[PlyCount "117"]
[EventDate "1999.??.??"]

1. e4 c5 2. c3 Nf6 3. e5 Nd5 4. d4 cxd4 5. cxd4 a6 6. Nf3 b5 7. Be2 Bb7 8. O-O
g6 9. Nc3 Bg7 10. Nxd5 Bxd5 11. Be3 O-O 12. Qd2 Nc6 13. Bh6 f6 14. Bxg7 Kxg7
15. Rfc1 d6 16. exd6 Qxd6 17. Nh4 Rfc8 18. Bg4 e6 19. Qe3 Na5 20. b3 Rxc1+ 21.
Rxc1 Nc6 22. Bh3 Nb4 23. a3 Nc6 24. Rc5 Ne7 25. g3 Rd8 26. Bg4 f5 27. Bf3 Bxf3
28. Nxf3 Nd5 29. Qe5+ Qxe5 30. dxe5 Rb8 31. Ng5 Rb6 32. Nxe6+ Rxe6 33. Rxd5 Kf7
34. f4 Rc6 35. Rd7+ Ke6 36. Rxh7 Rc1+ 37. Kg2 Rc2+ 38. Kh3 Rc3 39. Rg7 Rxb3 40.
Rxg6+ Ke7 41. Rxa6 Rb2 42. Ra5 Rb3 43. Kh4 b4 44. axb4 Rxb4 45. Kg5 Rb2 46.
Kxf5 Rxh2 47. Ra7+ Kf8 48. g4 Rb2 49. Kf6 Rb8 50. Rf7+ Kg8 51. f5 Rb6+ 52. e6
Rb8 53. g5 Re8 54. g6 Rb8 55. e7 Re8 56. Rh7 Rc8 57. Rg7+ Kh8 58. Kf7 Re8 59.
Rh7# {Wildbill checkmated} 1-0

[Event "ICS rated blitz match"]
[Site "204.178.125.65"]
[Date "1999.10.03"]
[Round "?"]
[White "Hossa"]
[Black "Wildbill"]
[Result "1-0"]
[WhiteElo "2493"]
[BlackElo "2260"]
[PlyCount "113"]
[EventDate "1999.??.??"]

1. e4 c5 2. c3 Nf6 3. e5 Nd5 4. d4 cxd4 5. cxd4 e6 6. Nf3 b6 7. Bc4 Bb7 8. O-O
Be7 9. Be3 O-O 10. Nc3 Nxc3 11. bxc3 Qc7 12. Nd2 Nc6 13. Qg4 Kh8 14. Bd3 f5 15.
Qh5 g6 16. Qh6 Nd8 17. c4 Nf7 18. Qh3 d6 19. exd6 Bxd6 20. f4 Rac8 21. Qh4 Be7
22. Qg3 Bf6 23. Rfe1 Rcd8 24. Qf2 Qe7 25. Rab1 Ba8 26. Rb2 Bh4 27. g3 Bf6 28.
Be2 Nh6 29. h3 Nf7 30. Nf3 Qb7 31. Rb4 Qc6 32. Reb1 Rd7 33. Rd1 Rc8 34. Rd2
Rcd8 35. Rb1 Kg7 36. Re1 h6 37. Red1 g5 38. fxg5 hxg5 39. Kf1 Rh8 40. d5 exd5
41. cxd5 Qd6 42. Nd4 Nh6 43. Ne6+ Kg6 44. Qf3 Nf7 45. h4 gxh4 46. Bd3 Qe5 47.
Qg4+ Ng5 48. Bxf5+ Qxf5+ 49. Nf4+ Kf7 50. Qxf5 Rd6 51. Ng6 hxg3 52. Nxh8+ Kg7
53. Bxg5 g2+ 54. Rxg2 Bxd5 55. Bxf6+ Kf8 56. Qc8+ Rd8 57. Qxd8# {
Wildbill checkmated} 1-0

[Event "ICS rated blitz match"]
[Site "204.178.125.65"]
[Date "1999.10.03"]
[Round "?"]
[White "Hossa"]
[Black "Wildbill"]
[Result "1-0"]
[WhiteElo "2513"]
[BlackElo "2220"]
[PlyCount "81"]
[EventDate "1999.??.??"]

1. d4 Nf6 2. Nf3 e6 3. c4 c5 4. Bg5 cxd4 5. Nxd4 Qa5+ 6. Bd2 Qb6 7. Nb3 Be7 8.
Ba5 Qc6 9. e3 b6 10. Bc3 a6 11. Nd4 Qc7 12. Bd3 Bb7 13. O-O d6 14. Nd2 Nbd7 15.
a4 O-O 16. a5 Nc5 17. axb6 Qxb6 18. Bc2 e5 19. Nf5 Rfe8 20. b4 Nce4 21. Nxe4
Nxe4 22. Qg4 g6 23. Bxe4 Bxe4 24. Nxe7+ Rxe7 25. Qxe4 Rc8 26. Rfc1 f5 27. Qd5+
Kf8 28. Ra5 Rd7 29. Bxe5 Qxb4 30. Rxa6 Rxc4 31. Ra8+ Ke7 32. Bxd6+ Rxd6 33.
Qe5+ Kd7 34. Qe8+ Kc7 35. Qc8+ Kb6 36. Rb8+ Ka5 37. Ra1+ Qa4 38. Rxa4+ Rxa4 39.
Qc5+ Ka6 40. Qxd6+ Ka7 41. Qb6# {Wildbill checkmated} 1-0

[Event "ICS rated blitz match"]
[Site "204.178.125.65"]
[Date "1999.10.03"]
[Round "?"]
[White "Hossa"]
[Black "Wildbill"]
[Result "1-0"]
[WhiteElo "2496"]
[BlackElo "2216"]
[PlyCount "107"]
[EventDate "1999.??.??"]

1. d4 Nf6 2. Nf3 c5 3. d5 e6 4. dxe6 fxe6 5. e4 Nxe4 6. Bd3 Nf6 7. Ng5 g6 8.
Nxh7 Rxh7 9. Bxg6+ Rf7 10. Bxf7+ Kxf7 11. Bg5 Be7 12. O-O Qg8 13. Bxf6 Bxf6 14.
Nc3 d5 15. Qf3 a6 16. Rae1 Nc6 17. Na4 Nd4 18. Qh5+ Qg6 19. Qxg6+ Kxg6 20. c3
Nf5 21. Nb6 Rb8 22. f4 Kf7 23. Rf3 Bd8 24. Nxc8 Rxc8 25. a4 d4 26. Kh1 Bb6 27.
g4 Ne3 28. h3 Rh8 29. Kg1 Kf6 30. Kf2 Rd8 31. Re2 Nc4 32. Rd3 Rh8 33. Kg3 dxc3
34. Rxc3 Na5 35. Rce3 Re8 36. g5+ Kf7 37. h4 Nc6 38. Kg4 Nd4 39. Rg2 Rh8 40. h5
Nf5 41. Rb3 Bc7 42. Rxb7 Ne3+ 43. Kf3 Nxg2 44. Rxc7+ Ke8 45. Rc8+ Kf7 46. Rxh8
Nh4+ 47. Kg4 Nf5 48. g6+ Kg7 49. Rh7+ Kg8 50. Rd7 Ne3+ 51. Kg5 Nf5 52. Kf6 Ng7
53. Rd8+ Ne8+ 54. Rxe8# {Wildbill checkmated} 1-0

[Event "ICS rated blitz match"]
[Site "204.178.125.65"]
[Date "1999.10.03"]
[Round "?"]
[White "Hossa"]
[Black "Wildbill"]
[Result "0-1"]
[WhiteElo "2511"]
[BlackElo "2222"]
[PlyCount "72"]
[EventDate "1999.??.??"]

1. d4 Nf6 2. Nf3 e6 3. c4 b6 4. Bg5 Bb4+ 5. Nbd2 Bb7 6. a3 Be7 7. e3 d6 8. Bd3
Nbd7 9. O-O h6 10. Bxf6 Bxf6 11. Bb1 O-O 12. Qe2 e5 13. Qd3 g6 14. Ne4 Bg7 15.
Qe2 f5 16. Nc3 e4 17. Nd2 Qe7 18. Nd5 Bxd5 19. cxd5 h5 20. Qb5 Nf6 21. Qc4 Rf7
22. f4 Bf8 23. a4 a5 24. Ra3 Rh7 25. Rc3 Ng4 26. Bc2 Qh4 27. h3 Re8 28. Qe2 Qg3
29. hxg4 hxg4 30. Qb5 Ree7 31. Nb1 Rh2 32. Rf2 Reh7 33. Kf1 Rxg2 34. Ke2 Qxf2+
35. Kd1 Rh1+ 36. Qf1 36... Rxf1# {Hossa checkmated} 0-1

[Event "ICS rated blitz match"]
[Site "204.178.125.65"]
[Date "1999.10.03"]
[Round "?"]
[White "Hossa"]
[Black "Wildbill"]
[Result "1-0"]
[WhiteElo "2478"]
[BlackElo "2275"]
[PlyCount "55"]
[EventDate "1999.??.??"]

1. e4 c5 2. c3 Nf6 3. e5 Nd5 4. d4 cxd4 5. cxd4 e6 6. Nf3 b6 7. Bc4 Qc7 8. Bxd5
exd5 9. O-O Be7 10. Nc3 Bb7 11. Bg5 Bxg5 12. Nb5 Qd8 13. Nd6+ Kf8 14. Nxb7 Qc7
15. Nxg5 Qxb7 16. Qh5 d6 17. e6 fxe6 18. Nxe6+ Ke7 19. Qg5+ Kxe6 20. Rfe1+ Kd7
21. Qxg7+ Kc6 22. Rac1+ Kb5 23. Qxb7 Na6 24. a4+ Ka5 25. Qxd5+ Nc5 26. Qc4 a6
27. b4+ Kxa4 28. Ra1# {Wildbill checkmated} 1-0

[Event "ICS rated blitz match"]
[Site "204.178.125.65"]
[Date "1999.10.02"]
[Round "?"]
[White "Hossa"]
[Black "Wildbill"]
[Result "1-0"]
[WhiteElo "2455"]
[BlackElo "2333"]
[PlyCount "129"]
[EventDate "1999.??.??"]

1. e4 c5 2. Nf3 d6 3. d4 cxd4 4. Nxd4 Nf6 5. Nc3 a6 6. Bg5 e6 7. f4 Be7 8. Qf3
Qa5 9. O-O-O Bd7 10. e5 dxe5 11. fxe5 Nc6 12. Nf5 exf5 13. exf6 gxf6 14. Bf4
Be6 15. Kb1 Bb4 16. Nd5 O-O-O 17. c4 Bxd5 18. cxd5 Ne5 19. Bxe5 fxe5 20. Qxf5+
Kb8 21. Qxe5+ Bd6 22. Qh5 f6 23. Bc4 Be5 24. Qh3 Rc8 25. Rc1 Qb6 26. Qb3 Qxb3
27. Bxb3 Rxc1+ 28. Kxc1 Rc8+ 29. Kb1 b5 30. Bc2 h6 31. g3 Rd8 32. Rd1 Rd6 33.
Bf5 Kc7 34. Rc1+ Kb6 35. Be6 h5 36. Rc2 Rd8 37. a3 Kb7 38. Ka2 Rh8 39. b4 h4
40. g4 Rf8 41. h3 Rd8 42. Kb3 Rf8 43. Rc1 Rd8 44. Re1 Rh8 45. Re2 Rh7 46. Rc2
Rc7 47. Bf5 Rxc2 48. Bxc2 Kc7 49. Bf5 Kd6 50. Be6 Bh2 51. a4 Bg1 52. a5 Bf2 53.
Bc8 Be1 54. Bxa6 Kxd5 55. Bxb5 Kd6 56. Bc4 Kc7 57. Ka4 Kb7 58. Bd5+ Ka7 59. b5
Bf2 60. Bc6 Kb8 61. b6 Bd4 62. Kb5 Bc3 63. a6 Bd4 64. a7+ Kc8 65. a8=Q# {
Wildbill checkmated} 1-0

[Event "ICS rated blitz match"]
[Site "204.178.125.65"]
[Date "1999.09.02"]
[Round "?"]
[White "Hossa"]
[Black "XtremelyHard"]
[Result "0-1"]
[WhiteElo "2543"]
[BlackElo "2670"]
[PlyCount "83"]
[EventDate "1999.??.??"]

1. d4 d5 2. c4 c6 3. Nc3 Nf6 4. e3 e6 5. Bd3 Nbd7 6. Nge2 dxc4 7. Bxc4 b5 8.
Bd3 Bb7 9. O-O Bd6 10. e4 e5 11. Bg5 b4 12. Na4 exd4 13. Nxd4 h6 14. Bxf6 Qxf6
15. Nf5 Bf4 16. Qb3 a5 17. a3 g6 18. Ng3 Bd6 19. e5 Nxe5 20. Ne4 Qe7 21. Nxd6+
Qxd6 22. Be2 O-O 23. Qe3 Rfe8 24. Qxh6 c5 25. f4 Nd3 26. Bxd3 Qxd3 27. Rf2 Qd4
28. Raf1 bxa3 29. f5 Ra6 30. b3 Rf6 31. Qf4 Be4 32. Qc1 Rxf5 33. Qe1 Bc6 34.
Qd2 Rxf2 35. Rxf2 a2 36. Qxd4 Re1+ 37. Rf1 Rxf1+ 38. Kxf1 cxd4 39. Kf2 a1=Q 40.
Ke2 Bb5+ 41. Kd2 Qa2+ 42. Kc1 {Hossa resigns} 0-1

[Event "ICS rated blitz match"]
[Site "204.178.125.65"]
[Date "1999.09.02"]
[Round "?"]
[White "Hossa"]
[Black "XtremelyHard"]
[Result "0-1"]
[WhiteElo "2523"]
[BlackElo "2690"]
[PlyCount "151"]
[EventDate "1999.??.??"]

1. d4 d5 2. c4 e6 3. Nc3 Nf6 4. Nf3 c6 5. Bg5 h6 6. Bxf6 Qxf6 7. e3 Nd7 8. Bd3
dxc4 9. Bxc4 g6 10. O-O Bg7 11. Rc1 Qe7 12. Qd3 O-O 13. Qe4 Rd8 14. a3 c5 15.
Nd5 Qd6 16. Qf4 Qxf4 17. Nxf4 cxd4 18. exd4 Nb6 19. Ne2 Nxc4 20. Rxc4 b6 21.
Re1 Ba6 22. Rb4 Bxe2 23. Rxe2 Rac8 24. g3 Rc7 25. Kg2 Kf8 26. Re3 Rdc8 27. Rbb3
Rd7 28. Rb4 Ke8 29. Rc3 Rcd8 30. Rd3 Ke7 31. h4 Rd5 32. Rc3 R8d7 33. Rcc4 g5
34. hxg5 hxg5 35. Kh3 b5 36. Rc5 f5 37. g4 a6 38. a4 Bf8 39. Rxd5 Rxd5 40. axb5
axb5 41. gxf5 Kf6 42. Rb3 exf5 43. Ne5 Rxd4 44. Rxb5 Bd6 45. Nd7+ Ke6 46. Nb6
g4+ 47. Kg2 f4 48. f3 g3 49. Rh5 Rd2+ 50. Kg1 Bf8 51. Nc4 Rc2 52. b3 Bg7 53.
Rg5 Bd4+ 54. Kf1 Rf2+ 55. Ke1 Bc3+ 56. Kd1 g2 57. Nb6 Bf6 58. Rg6 Rf1+ 59. Kc2
g1=Q 60. Rxg1 Rxg1 61. Nc4 Kd5 62. Kd3 Bd4 63. Nd2 Re1 64. Nc4 Bc5 65. Kc3 Rc1+
66. Kd3 Rf1 67. Nd2 Rf2 68. Kc3 Be3 69. Nc4 Rxf3 70. Kc2 Kd4 71. Kd1 Rf2 72.
Ke1 f3 73. Kd1 Rg2 74. Nxe3 Kxe3 75. Kc1 f2 76. Kc2 {Hossa resigns} 0-1

[Event "ICS rated blitz match"]
[Site "204.178.125.65"]
[Date "1999.09.01"]
[Round "?"]
[White "Hossa"]
[Black "XtremelyHard"]
[Result "0-1"]
[WhiteElo "2525"]
[BlackElo "2375"]
[PlyCount "81"]
[EventDate "1999.??.??"]

1. e4 c5 2. Nf3 Nc6 3. d4 cxd4 4. Nxd4 Nf6 5. Nc3 d6 6. Bc4 e5 7. Nde2 h6 8.
O-O Be7 9. Be3 Be6 10. Qd3 O-O 11. a3 Ng4 12. Bd5 Nxe3 13. Qxe3 Bg5 14. f4 exf4
15. Nxf4 Ne5 16. Bxb7 Rb8 17. Bd5 Rxb2 18. Qxa7 Bxf4 19. Rxf4 Rxc2 20. Bxe6 Qg5
21. Rf2 Nf3+ 22. Kh1 Rc1+ 23. Rf1 Qf4 24. Qg1 Rxa1 25. gxf3 Rxf1 26. Bxf7+ Qxf7
27. Qxf1 Qb3 28. Nb5 Rxf3 29. Qe2 Qb1+ 30. Kg2 Rb3 31. Qc4+ Kh7 32. Nc3 Qc2+
33. Kg1 Rb2 34. Qe2 Qc1+ 35. Qf1 Qxc3 36. Qf5+ Kg8 37. Qf2 Qc1+ 38. Kg2 Qg5+
39. Kf1 Rb1+ 40. Ke2 Qe5 41. Qh4 {Hossa resigns} 0-1

[Event "ICS rated blitz match"]
[Site "204.178.125.65"]
[Date "1999.09.01"]
[Round "?"]
[White "Hossa"]
[Black "XtremelyHard"]
[Result "0-1"]
[WhiteElo "2508"]
[BlackElo "2480"]
[PlyCount "76"]
[EventDate "1999.??.??"]

1. e4 c5 2. Nf3 Nc6 3. d4 cxd4 4. Nxd4 Nf6 5. Nc3 d6 6. Bg5 e6 7. Bb5 Bd7 8.
Bxc6 bxc6 9. Nde2 Qb6 10. Bxf6 gxf6 11. Rb1 d5 12. Nf4 Rg8 13. exd5 cxd5 14.
Qh5 h6 15. O-O Rg5 16. Ncxd5 Qb7 17. Nxf6+ Ke7 18. N4d5+ exd5 19. Qh4 Kxf6 20.
f4 Bc5+ 21. Kh1 Kg6 22. fxg5 hxg5 23. Qg3 Re8 24. Qf3 f5 25. c4 Re4 26. cxd5
Qxd5 27. Rbd1 Qe6 28. Qc3 Bb4 29. Qd3 Bc8 30. Qb1 Bb7 31. Rf2 Bc5 32. Rf3 Re2
33. b3 Bxf3 34. gxf3 Qe5 35. f4 Qxf4 36. Qxf5+ Qxf5 37. Rg1 Qf3+ 38. Rg2 38...
Qxg2# {Hossa checkmated} 0-1

[Event "ICS rated blitz match"]
[Site "204.178.125.65"]
[Date "1999.09.02"]
[Round "?"]
[White "Hossa"]
[Black "YaraYara"]
[Result "1-0"]
[WhiteElo "2504"]
[BlackElo "2033"]
[PlyCount "65"]
[EventDate "1999.??.??"]

1. e4 c5 2. Nf3 a6 3. Nc3 Nc6 4. Bc4 e6 5. d3 b5 6. Bb3 d6 7. O-O Nf6 8. Bg5
Be7 9. Bd2 O-O 10. Bg5 Nd4 11. Nxd4 cxd4 12. Ne2 e5 13. f4 Nd7 14. Bxe7 Qxe7
15. fxe5 dxe5 16. Bd5 Rb8 17. c3 dxc3 18. bxc3 Nf6 19. Bb3 Be6 20. Rc1 Bxb3 21.
axb3 Rfd8 22. Ng3 g6 23. b4 Rb6 24. Qf3 Rbd6 25. Rcd1 Kg7 26. Rd2 Qd7 27. d4
exd4 28. e5 dxc3 29. Rxd6 Qa7+ 30. Kh1 Rxd6 31. exd6 Qd4 32. Ne2 Qxd6 33. Qxc3
{YaraYara resigns} 1-0

[Event "ICS rated blitz match"]
[Site "204.178.125.65"]
[Date "1999.09.07"]
[Round "?"]
[White "Hossa"]
[Black "Yofi-tofi"]
[Result "1-0"]
[WhiteElo "2515"]
[BlackElo "2199"]
[PlyCount "31"]
[EventDate "1999.??.??"]

1. d4 e6 2. e4 d5 3. Nd2 Be7 4. Bd3 Nf6 5. Ne2 c5 6. exd5 exd5 7. dxc5 Bxc5 8.
O-O O-O 9. Nb3 Be7 10. Bg5 Bg4 11. f3 Be6 12. Ned4 Nc6 13. Re1 Qd7 14. Qe2 h6
15. Bh4 g5 16. Bf2 {Yofi-tofi resigns} 1-0

[Event "ICS rated blitz match"]
[Site "204.178.125.65"]
[Date "1999.09.07"]
[Round "?"]
[White "Hossa"]
[Black "Yofi-tofi"]
[Result "1-0"]
[WhiteElo "2505"]
[BlackElo "2209"]
[PlyCount "47"]
[EventDate "1999.??.??"]

1. d4 e6 2. e4 d5 3. Nd2 c6 4. Ngf3 dxe4 5. Nxe4 Nf6 6. Nxf6+ Qxf6 7. Bg5 Qg6
8. Bd3 Qh5 9. h3 f6 10. Be3 Bd6 11. Kd2 Bd7 12. Kc1 O-O 13. Bc4 b5 14. Bd3 a6
15. Re1 Qf7 16. Be4 Bc8 17. g4 Bb7 18. Kb1 Nd7 19. h4 Nb6 20. c3 a5 21. Qc2 g6
22. h5 Kg7 23. Rh1 Rh8 24. Bh6+ {Yofi-tofi resigns} 1-0

[Event "ICS rated blitz match"]
[Site "204.178.125.65"]
[Date "1999.09.07"]
[Round "?"]
[White "Hossa"]
[Black "Yofi-tofi"]
[Result "1-0"]
[WhiteElo "2507"]
[BlackElo "2207"]
[PlyCount "39"]
[EventDate "1999.??.??"]

1. d4 Nf6 2. Nf3 c6 3. Bf4 d5 4. e3 Bg4 5. Bd3 e6 6. Nbd2 Bd6 7. Bxd6 Qxd6 8.
O-O Nbd7 9. c3 O-O 10. Qb3 Rab8 11. Ng5 h6 12. Ngf3 e5 13. Bc2 e4 14. Nh4 g5
15. f3 exf3 16. Nhxf3 Bxf3 17. Rxf3 Ng4 18. g3 c5 19. Qa4 a6 20. dxc5 {
Yofi-tofi resigns} 1-0

[Event "ICS rated blitz match"]
[Site "204.178.125.65"]
[Date "1999.09.07"]
[Round "?"]
[White "Hossa"]
[Black "Yofi-tofi"]
[Result "1-0"]
[WhiteElo "2495"]
[BlackElo "2215"]
[PlyCount "53"]
[EventDate "1999.??.??"]

1. d4 e6 2. e4 d5 3. Nd2 Nf6 4. Bd3 c5 5. e5 Nfd7 6. c3 Nc6 7. Ne2 cxd4 8. cxd4
Qb6 9. Nb3 f6 10. exf6 Nxf6 11. O-O Bd6 12. Bf4 Qc7 13. Bxd6 Qxd6 14. Rc1 O-O
15. f4 Bd7 16. Re1 Be8 17. Nc5 Rb8 18. Bb5 a6 19. Bxc6 Bxc6 20. Nc3 Rfe8 21.
Re5 Rbc8 22. Qf3 Rc7 23. Qh3 Rce7 24. a3 Nd7 25. Nxd7 Bxd7 26. Qe3 Qb6 27. Nxd5
{Yofi-tofi resigns} 1-0

[Event "ICS rated blitz match"]
[Site "204.178.125.65"]
[Date "1999.09.11"]
[Round "?"]
[White "Hossa"]
[Black "Yousef"]
[Result "1-0"]
[WhiteElo "2430"]
[BlackElo "2283"]
[PlyCount "165"]
[EventDate "1999.??.??"]

1. d4 d5 2. c4 c6 3. e3 Nf6 4. cxd5 cxd5 5. Bb5+ Nc6 6. Ne2 Bf5 7. b3 e6 8. O-O
Bd6 9. Nbc3 Rc8 10. Ng3 Bg6 11. Bb2 O-O 12. Rc1 a6 13. Bxc6 Rxc6 14. Qf3 Qe7
15. Na4 Rfc8 16. Rxc6 Rxc6 17. Nc3 Ba3 18. Qe2 Bxb2 19. Qxb2 h5 20. Rc1 h4 21.
Nge2 h3 22. Nf4 Bf5 23. Nxh3 Bxh3 24. gxh3 Nh5 25. Ne2 Qh4 26. Rxc6 bxc6 27.
Qc2 Qxh3 28. Qxc6 Nf6 29. Qxa6 Ng4 30. Qc8+ Kh7 31. Qc7 e5 32. Qxf7 Qxh2+ 33.
Kf1 Qh1+ 34. Ng1 Nh2+ 35. Ke2 Qxg1 36. Qf5+ Kg8 37. Qe6+ Kf8 38. Qd6+ Kg8 39.
Qxd5+ Kh8 40. Qa8+ Kh7 41. Qe4+ Kh8 42. Qf5 exd4 43. Qh5+ Kg8 44. Qe8+ Kh7 45.
Qe4+ Kh8 46. Qh4+ Kg8 47. Qd8+ Kh7 48. Qh4+ Kg8 49. exd4 Qf1+ 50. Ke3 Qe1+ 51.
Kf4 Qd2+ 52. Kg3 Nf1+ 53. Kg2 Ne3+ 54. Kf3 Nf5 55. Qd8+ Kh7 56. d5 Qd3+ 57. Kf4
g6 58. Qc7+ Kh6 59. Qe5 Qd2+ 60. Kf3 Qd1+ 61. Kg2 Qg4+ 62. Kh1 Qh3+ 63. Qh2
Qxh2+ 64. Kxh2 Nd6 65. Kg2 Kg5 66. Kf3 Kf5 67. a4 Ke5 68. b4 Kxd5 69. b5 Kc5
70. Kg4 Kb4 71. Kg5 Ne4+ 72. Kxg6 Nxf2 73. b6 Ne4 74. b7 Kxa4 75. b8=Q Nc5 76.
Kf5 Na6 77. Qb6 Nb4 78. Ke5 Kb3 79. Kd4 Ka3 80. Qc5 Ka4 81. Kc3 Na6 82. Qb6 Nb4
83. Qxb4# {Yousef checkmated} 1-0

[Event "ICS rated blitz match"]
[Site "204.178.125.65"]
[Date "1999.09.06"]
[Round "?"]
[White "Hossa"]
[Black "Yousef"]
[Result "1-0"]
[WhiteElo "2463"]
[BlackElo "2299"]
[PlyCount "49"]
[EventDate "1999.??.??"]

1. e4 e6 2. d4 Be7 3. c4 d6 4. Nf3 b6 5. Bd3 Bb7 6. O-O Nf6 7. Nc3 O-O 8. Be3
Nbd7 9. b3 c5 10. d5 e5 11. Nd2 Ne8 12. f4 f6 13. Qh5 g6 14. Qh3 Rf7 15. Rad1
Bf8 16. Be2 Bg7 17. fxe5 Nxe5 18. Bh6 Bc8 19. Qh4 a6 20. Bxg7 Kxg7 21. a3 f5
22. Qxd8 Bb7 23. Qxb6 f4 24. Rxf4 Nf6 25. Rxf6 {Yousef resigns} 1-0

[Event "ICS rated blitz match"]
[Site "204.178.125.65"]
[Date "1999.10.05"]
[Round "?"]
[White "Hossa"]
[Black "Yousef"]
[Result "1-0"]
[WhiteElo "2472"]
[BlackElo "2210"]
[PlyCount "87"]
[EventDate "1999.??.??"]

1. d4 d5 2. Nf3 Nf6 3. c4 c6 4. cxd5 cxd5 5. Nc3 Nc6 6. Bf4 a6 7. e3 e6 8. Be2
Bd6 9. Bxd6 Qxd6 10. O-O O-O 11. Rc1 b5 12. a3 Bd7 13. Ng5 h6 14. Nh3 Rfc8 15.
Nf4 Ne7 16. Nd3 Be8 17. Bg4 Nd7 18. Qf3 Ng6 19. Rc2 Rc7 20. Bh5 Ne7 21. Rfc1
Rac8 22. b4 g6 23. Bg4 f5 24. Bh3 g5 25. g4 h5 26. gxh5 g4 27. Bxg4 fxg4 28.
Qxg4+ Kh8 29. Qg5 e5 30. dxe5 Qe6 31. f4 Qf5 32. Qh6+ Qh7 33. Qxh7+ Kxh7 34. e6
Nf6 35. Ne4 Rxc2 36. Nxf6+ Kh6 37. Rxc2 Rxc2 38. Nxe8 Rc3 39. Ne5 Rxa3 40. Nf6
a5 41. Neg4+ Kg7 42. h6+ Kh8 43. Ne5 Rxe3 44. Nf7# {Yousef checkmated} 1-0

[Event "ICS rated blitz match"]
[Site "204.178.125.65"]
[Date "1999.09.26"]
[Round "?"]
[White "Hossa"]
[Black "Yousef"]
[Result "1-0"]
[WhiteElo "2494"]
[BlackElo "2336"]
[PlyCount "28"]
[EventDate "1999.??.??"]

1. e4 e5 2. Nf3 Nc6 3. Bb5 d6 4. d4 Bd7 5. O-O Nxd4 6. Nxd4 exd4 7. Bxd7+ Qxd7
8. Qxd4 Nf6 9. Nc3 Be7 10. Rd1 O-O 11. e5 Ne8 12. Bf4 Qe6 13. Re1 c6 14. exd6
14... Qd7 {Yousef resigns} 1-0

[Event "ICS rated blitz match"]
[Site "204.178.125.65"]
[Date "1999.09.11"]
[Round "?"]
[White "Hossa"]
[Black "Zamok"]
[Result "1-0"]
[WhiteElo "2439"]
[BlackElo "2147"]
[PlyCount "73"]
[EventDate "1999.??.??"]

1. e4 c5 2. Nf3 d6 3. d4 cxd4 4. Nxd4 Nf6 5. Nc3 Nc6 6. Bc4 Qb6 7. Nde2 e6 8.
O-O Be7 9. Rb1 O-O 10. Nf4 Bd7 11. Be3 Qc7 12. Nb5 Qb8 13. f3 a6 14. Nc3 b5 15.
Be2 Ne5 16. a3 Nc4 17. Bxc4 bxc4 18. Qe2 Qc7 19. Rfd1 Rfc8 20. Qf2 Rab8 21. Qg3
Kh8 22. Bd4 Rg8 23. Nfe2 Be8 24. Bxf6 gxf6 25. Qf2 Qb6 26. Nd4 Bd7 27. Qh4 Rg6
28. Qh3 Rbg8 29. Rd2 Qa7 30. Kf1 Bf8 31. g3 Bh6 32. Rdd1 Be3 33. Nde2 Bg1 34.
Nxg1 e5 35. Qh5 Qc7 36. Nd5 Qc8 37. Ne7 {Zamok resigns} 1-0

[Event "ICS rated blitz match"]
[Site "204.178.125.65"]
[Date "1999.09.13"]
[Round "?"]
[White "Hossa"]
[Black "Zamok"]
[Result "1-0"]
[WhiteElo "2378"]
[BlackElo "2105"]
[PlyCount "47"]
[EventDate "1999.??.??"]

1. e4 c5 2. Nf3 d6 3. d4 cxd4 4. Nxd4 Nf6 5. Nc3 Nc6 6. Bg5 e6 7. Bb5 Qb6 8.
Bxf6 gxf6 9. Na4 Qa5+ 10. b4 Qc7 11. Nc3 Bd7 12. O-O Be7 13. Bxc6 bxc6 14. b5
c5 15. Nb3 Rb8 16. Qg4 Kf8 17. a4 Rg8 18. Qh5 Rg7 19. Rad1 Kg8 20. f4 Kh8 21.
Rd2 Rbg8 22. Rff2 Bf8 23. f5 Rg5 24. Qxf7 {Zamok resigns} 1-0

[Event "ICS rated blitz match"]
[Site "204.178.125.65"]
[Date "1999.10.05"]
[Round "?"]
[White "Hossa"]
[Black "Zamok"]
[Result "1-0"]
[WhiteElo "2405"]
[BlackElo "2148"]
[PlyCount "109"]
[EventDate "1999.??.??"]

1. e4 c5 2. Nf3 d6 3. d4 cxd4 4. Nxd4 Nf6 5. Nc3 Nc6 6. Bg5 e6 7. Bb5 Bd7 8.
O-O Nxd4 9. Qxd4 Bxb5 10. Nxb5 a6 11. Bxf6 gxf6 12. Nc3 Be7 13. Qa4+ Qd7 14.
Qa5 Qc6 15. Rad1 Qc5 16. Qxc5 dxc5 17. Rd2 Rd8 18. Rfd1 Rxd2 19. Rxd2 h5 20. a4
h4 21. Rd3 Rh5 22. f4 c4 23. Rd1 Bb4 24. Ne2 Ke7 25. g3 hxg3 26. Nxg3 Ra5 27.
b3 cxb3 28. cxb3 Rc5 29. Ne2 Rc2 30. Kf2 Rb2 31. Rd3 b5 32. axb5 axb5 33. h4
Kf8 34. Kf3 Kg7 35. Nd4 Be1 36. Nxb5 Bxh4 37. Nd6 Kg6 38. Kg4 Be1 39. f5+ Kh6
40. Nxf7+ Kg7 41. fxe6 Rg2+ 42. Kf4 Rf2+ 43. Ke3 Rh2 44. Nd6 Bg3 45. e7 Bxd6
46. e8=Q Rh3+ 47. Kd4 Be5+ 48. Kc4 Rh4 49. Rd7+ Kh6 50. Qh8+ Kg5 51. Rg7+ Kf4
52. Qxh4+ Ke3 53. Qe1+ Kf4 54. Kd3 Bb2 55. Qg3# {Zamok checkmated} 1-0